Statistics for Satellite Images - U.S. States

Click here to take the quiz!

General Stats

  • This quiz has been taken 12,870 times
  • The average score is 11 of 18

Answer Stats

Answer % Correct
Hawaii
95%
Florida
93%
Alaska
91%
Michigan
91%
Massachusetts
81%
California
68%
Arizona / Nevada
65%
Louisiana
61%
New Jersey
55%
Washington
51%
North Carolina
51%
New York
47%
Utah
43%
Wisconsin
40%
Illinois
37%
Missouri
36%
Texas
34%
Rhode Island
32%

Score Distribution

Percentile by Number Answered

Percent of People with Each Score

Your Score History

You have not taken this quiz